| 000 | 00663cab a2200217 4500 | ||
|---|---|---|---|
| 001 | WB3328-39 | ||
| 008 | 090401t1997 xxu||||| |||| 00| 0 eng d | ||
| 035 | _a(Sirsi) u79653 | ||
| 041 | _aeng | ||
| 245 | _aRICS sets up PI insurance pool | ||
| 260 | _c1997 | ||
| 350 | _a0 | ||
| 490 |
_aEstates Gazette _v(9728) 12 July 1997, 36(1) |
||
| 520 | _aRICS general council has agreed to set up an assigned risks pool (ARP) and a listed insurer scheme. | ||
| 650 | _aASSIGNED RISKS POOL | ||
| 650 | _aPROFESSIONAL INDEMNITY INSURANCE | ||
| 650 | _aRICS | ||
| 690 | _aMANAGEMENT-BUSINESS MANAGEMENT-PROFESSIONAL PRACTICE | ||
| 942 | _n0 | ||
| 948 | _c16/07/1997 | ||
| 999 |
_c50097 _d50097 |
||